[Event "SVK-chT5 A22 2223"]
[Site "Slovakia"]
[Date "2022.11.05"]
[Round "2.3"]
[White "Rachelova, Nikola"]
[Black "Zelensky, Ivan"]
[Result "1-0"]
[WhiteElo "1135"]
[BlackElo "1352"]
[PlyCount "23"]
[EventDate "2022.10.15"]
[EventType "team-tourn"]
[EventRounds "9"]
[EventCountry "SVK"]
[SourceTitle "EXT 2024"]
[Source "ChessBase"]
[SourceDate "2023.10.10"]
[SourceVersion "1"]
[SourceVersionDate "2023.10.10"]
[SourceQuality "1"]
[WhiteTeam "Dunajska Streda V"]
[BlackTeam "Cifer IV"]
[WhiteTeamCountry "SVK"]
[BlackTeamCountry "SVK"]

1. e4 e5 2. Nf3 Nc6 3. Bb5 Nf6 4. d3 Bc5 5. Nc3 h6 6. Bxc6 dxc6 7. Nxe5 Qd4 8. Be3 Qxe5 9. d4 Bxd4 10. Bxd4 Qg5 11. Bxf6 Qxg2 12. Qd8# 1-0

[Event "SVK-chT5 A22 2223"]
[Site "Slovakia"]
[Date "2022.10.15"]
[Round "1.4"]
[White "Daniska, Jozef"]
[Black "Zelensky, Ivan"]
[Result "1-0"]
[WhiteElo "1279"]
[BlackElo "1352"]
[PlyCount "105"]
[EventDate "2022.10.15"]
[EventType "team-tourn"]
[EventRounds "9"]
[EventCountry "SVK"]
[SourceTitle "EXT 2024"]
[Source "ChessBase"]
[SourceDate "2023.10.10"]
[SourceVersion "1"]
[SourceVersionDate "2023.10.10"]
[SourceQuality "1"]
[WhiteTeam "Pecenady"]
[BlackTeam "Cifer IV"]
[WhiteTeamCountry "SVK"]
[BlackTeamCountry "SVK"]

1. e4 e5 2. Nf3 Nc6 3. d4 exd4 4. Nxd4 Nxd4 5. Qxd4 d6 6. Nc3 c6 7. Be3 c5 8. Qd2 Nf6 9. Bc4 Be6 10. Bb5+ Bd7 11. Bxd7+ Qxd7 12. Nd5 Nxd5 13. exd5 Be7 14. 0-0 0-0 15. b3 Bf6 16. Rab1 b5 17. c4 b4 18. Qc1 h6 19. a3 a5 20. a4 Rae8 21. Qd2 Qd8 22. g3 Re7 23. Rbc1 Rfe8 24. Rcd1 Re4 25. Qd3 Bc3 26. Bd2 Rd4 27. Qc2 Re2 28. Bg5 Rxc2 29. Bxd8 Rxd1 30. Rxd1 Rb2 31. Bxa5 Rxb3 32. Bc7 Be5 33. f4 Bd4+ 34. Kg2 Rc3 35. Bxd6 Ra3 36. Be5 b3 37. Bxd4 cxd4 38. Rb1 Ra2+ 39. Kh3 b2 40. d6 Kf8 41. c5 Ke8 42. c6 d3 43. Re1+ Kd8 44. Rb1 d2 45. c7+ Kd7 46. a5 Rxa5 47. Rxb2 d1Q 48. Rb8 Qxd6 49. c8Q+ Ke7 50. Rb7+ Kf6 51. Qc3+ Kg6 52. Qxa5 Kh7 53. Qf5+ 1-0

[Event "SVK-chT2A 2122"]
[Site "Slovakia"]
[Date "2022.03.27"]
[Round "9.8"]
[White "Juhaniak, Lubomir"]
[Black "Zelensky, Ivan"]
[Result "1-0"]
[WhiteElo "1774"]
[BlackElo "1394"]
[PlyCount "61"]
[EventDate "2021.10.16"]
[EventType "team-tourn"]
[EventRounds "11"]
[EventCountry "SVK"]
[SourceTitle "EXT 2023"]
[Source "ChessBase"]
[SourceDate "2022.10.05"]
[SourceVersion "1"]
[SourceVersionDate "2022.10.05"]
[SourceQuality "1"]
[WhiteTeam "Krasnany"]
[BlackTeam "Cífer"]
[WhiteTeamCountry "SVK"]
[BlackTeamCountry "SVK"]

1. d4 d5 2. c4 Nf6 3. Nc3 e6 4. Bg5 Be7 5. e3 h6 6. Bh4 Bd7 7. Bxf6 Bxf6 8. cxd5 exd5 9. Nxd5 Be6 10. Nxf6+ Qxf6 11. Be2 Bf5 12. Bf3 c6 13. Ne2 0-0 14. 0-0 Qg6 15. Ng3 Nd7 16. Nxf5 Qxf5 17. Qb3 Nb6 18. h3 Rad8 19. Rac1 Rd7 20. Bg4 Qd5 21. Bxd7 Qxb3 22. axb3 Nxd7 23. Rfd1 Nf6 24. f3 Nd5 25. e4 Nf4 26. Kf2 Re8 27. h4 Re7 28. g3 Ne6 29. d5 cxd5 30. exd5 Nf8 31. d6 1-0

[Event "SVK-chT3A2 2122"]
[Site "Slovakia"]
[Date "2022.02.27"]
[Round "10.5"]
[White "Ulehla, Jakub"]
[Black "Zelensky, Ivan"]
[Result "1-0"]
[WhiteElo "1859"]
[BlackElo "1377"]
[PlyCount "33"]
[EventDate "2021.10.10"]
[EventType "team-tourn"]
[EventRounds "11"]
[EventCountry "SVK"]
[SourceTitle "EXT 2023"]
[Source "ChessBase"]
[SourceDate "2022.10.05"]
[SourceVersion "1"]
[SourceVersionDate "2022.10.05"]
[SourceQuality "1"]
[WhiteTeam "Senica CVC"]
[BlackTeam "Cifer II"]
[WhiteTeamCountry "SVK"]
[BlackTeamCountry "SVK"]

1. e4 e5 2. f4 Nc6 3. Nf3 d6 4. Bc4 Nf6 5. Nc3 exf4 6. d4 Bg4 7. Bxf4 Be7 8. Qd2 Qd7 9. 0-0-0 0-0-0 10. Bxf7 a6 11. d5 Bf8 12. Ng5 Kb8 13. dxc6 Qxc6 14. Rde1 d5 15. exd5 Qc4 16. d6 Bxd6 17. Bxc4 1-0

[Event "SVK-chT3A2 2122"]
[Site "Slovakia"]
[Date "2022.02.13"]
[Round "9.5"]
[White "Zelensky, Ivan"]
[Black "Podjavorinsky, Peter"]
[Result "0-1"]
[WhiteElo "1377"]
[BlackElo "1578"]
[PlyCount "46"]
[EventDate "2021.10.10"]
[EventType "team-tourn"]
[EventRounds "11"]
[EventCountry "SVK"]
[SourceTitle "EXT 2023"]
[Source "ChessBase"]
[SourceDate "2022.10.05"]
[SourceVersion "1"]
[SourceVersionDate "2022.10.05"]
[SourceQuality "1"]
[WhiteTeam "Cifer II"]
[BlackTeam "Vrbove"]
[WhiteTeamCountry "SVK"]
[BlackTeamCountry "SVK"]

1. e4 e6 2. Nf3 c5 3. Nc3 Nc6 4. b3 g6 5. Bb2 Bg7 6. Na4 Bxb2 7. Nxb2 a6 8. Nc4 d5 9. exd5 exd5 10. Qe2+ Nge7 11. Nce5 0-0 12. Nxc6 Nxc6 13. 0-0-0 Qa5 14. Kb1 c4 15. Qe3 cxb3 16. Qxb3 b5 17. Ng5 Qd8 18. Nf3 d4 19. Bd3 Be6 20. Qb2 b4 21. Be4 Bd5 22. Nxd4 Nxd4 23. Qxd4 Bxa2+ 0-1

[Event "SVK-chT2A 2122"]
[Site "Slovakia"]
[Date "2021.11.14"]
[Round "4.8"]
[White "Siska, Kristof"]
[Black "Zelensky, Ivan"]
[Result "1-0"]
[WhiteElo "1773"]
[BlackElo "1394"]
[PlyCount "61"]
[EventDate "2021.10.16"]
[EventType "team-tourn"]
[EventRounds "11"]
[EventCountry "SVK"]
[SourceTitle "EXT 2023"]
[Source "ChessBase"]
[SourceDate "2022.10.05"]
[SourceVersion "1"]
[SourceVersionDate "2022.10.05"]
[SourceQuality "1"]
[WhiteTeam "Piestany Kupele"]
[BlackTeam "Cífer"]
[WhiteTeamCountry "SVK"]
[BlackTeamCountry "SVK"]

1. d4 d5 2. Bf4 Bf5 3. e3 e6 4. Bd3 g5 5. Be5 f6 6. Qh5+ Kd7 7. Bg3 Bd6 8. Bxf5 Bxg3 9. Qf7+ Qe7 10. Bxe6+ Kd8 11. hxg3 h6 12. Bxd5 Nd7 13. Qxe7+ Nxe7 14. Bb3 Nf5 15. Nf3 Nb6 16. Nbd2 Ne7 17. Ne4 Nbd5 18. c4 Nb4 19. a3 Nd3+ 20. Ke2 Nxb2 21. Rab1 g4 22. Nfd2 f5 23. Nc5 Nxc4 24. Nxc4 b6 25. Ne6+ Kd7 26. Ne5+ Kc8 27. Rhc1 c6 28. d5 Kb7 29. dxc6+ Ka6 30. Nc7+ Ka5 31. Nc4# 1-0